[Event "TCh-ESP CECLUB 5th-12th 2013"]
[Site "Linares ESP"]
[Date "2013.08.25"]
[Round "2.3"]
[White "Martin Fuentes, Alberto"]
[Black "Blasco De La Cruz, Luis"]
[Result "1-0"]
[WhiteTitle "FM"]
[WhiteElo "2320"]
[BlackElo "2023"]
[WhiteTeam "C.A. SOLVAY B"]
[BlackTeam "CAMFIL - 64 VILLALBA"]
[WhiteFideId "2292289"]
[BlackFideId "2219107"]
[EventDate "2013.08.24"]

1. e4 c5 2. d3 Nc6 3. g3 g6 4. Bg2 Bg7 5. c3 e5 6. Be3 b6 7. Ne2 Nge7 8. d4 d6
9. Na3 O-O 10. O-O Ba6 11. d5 Nb8 12. f4 f5 13. fxe5 Bxe5 14. Bh6 Rf7 15. Bh3
Nd7 16. Qd2 Bxe2 17. Qxe2 Bg7 18. Bxg7 Kxg7 19. Nc4 Qc7 20. exf5 b5 21. fxg6
Rxf1+ 22. Rxf1 Nxg6 23. Qe6 Ndf8 24. Qf6+ Kg8 25. Be6+ Nxe6 26. Qxe6+ Kg7 27.
Nxd6 Rf8 28. Ne8+ 1-0

[Event "TCh-ESP CECLUB 5th-12th 2013"]
[Site "Linares ESP"]
[Date "2013.08.25"]
[Round "2.3"]
[White "Perez Suchan, Saul Mario"]
[Black "Arnedo Ruiz, Alberto"]
[Result "0-1"]
[WhiteElo "1649"]
[BlackElo "2188"]
[WhiteTeam "CAMFIL - 64 VILLALBA"]
[BlackTeam "C.A. SOLVAY B"]
[WhiteFideId "32051271"]
[BlackFideId "22253815"]
[EventDate "2013.08.24"]

1. e4 e5 2. Nf3 Nc6 3. Bc4 Nf6 4. d3 h6 5. O-O d6 6. h3 g6 7. a3 Bg7 8. Be3 O-O
9. Qd2 Kh7 10. Nc3 Bd7 11. Nh2 g5 12. g4 Ne7 13. f3 Ng6 14. Nd1 c6 15. Nf2 d5
16. h4 Nxh4 17. Bxg5 hxg5 18. Qxg5 Ng6 19. f4 Bh6 20. Qxh6+ Kxh6 21. g5+ Kh7 22.
f5 dxc4 23. gxf6 Qxf6 24. Nfg4 Qg5 25. Rf3 Nf4 26. Kf2 Rg8 27. Rh1 Kg7 28. Rg1
Kf8 29. Rfg3 Nh5 30. Nf3 Qf4 31. R3g2 f6 32. Rh2 Rxg4 33. Rxh5 Rxg1 34. Kxg1
Qg3+ 0-1

[Event "TCh-ESP CECLUB 5th-12th 2013"]
[Site "Linares ESP"]
[Date "2013.08.25"]
[Round "2.4"]
[White "Andres Gonzalez, Ivan"]
[Black "Barrero Garcia, Carlos"]
[Result "1/2-1/2"]
[WhiteTitle "FM"]
[BlackTitle "FM"]
[WhiteElo "2311"]
[BlackElo "2371"]
[WhiteTeam "UNIVERSIDAD DE OVIEDO"]
[BlackTeam "PENA AJEDRECISTICA OROMANA"]
[WhiteFideId "2217783"]
[BlackFideId "2219522"]
[EventDate "2013.08.24"]

1. e4 e5 2. Nf3 Nc6 3. Nc3 Nf6 4. a3 g6 5. Nxe5 Nxe5 6. d4 Nc6 7. d5 Nb8 8. e5
Ng8 9. d6 cxd6 10. exd6 Qf6 11. Nd5 Qe6+ 12. Be3 Bxd6 13. Bc4 Nc6 14. O-O Qf5
15. Bd4 Nxd4 16. Qxd4 f6 17. Rfe1+ Kf8 18. Bd3 Qh5 19. Nxf6 Qxh2+ 20. Kf1 Be7
21. Nd5 Qh1+ 22. Ke2 Qh4 23. Qxh8 Qh5+ 24. Kf1 Qh1+ 25. Ke2 Qh5+ 26. Kf1 Qh1+
27. Ke2 Qh5+ 28. Kf1 1/2-1/2

[Event "TCh-ESP CECLUB 5th-12th 2013"]
[Site "Linares ESP"]
[Date "2013.08.25"]
[Round "2.4"]
[White "Reales Murto, Manuel Jose"]
[Black "Recuero Guerra, Javier"]
[Result "1/2-1/2"]
[WhiteTitle "FM"]
[BlackTitle "FM"]
[WhiteElo "2292"]
[BlackElo "2228"]
[WhiteTeam "PENA AJEDRECISTICA OROMANA"]
[BlackTeam "UNIVERSIDAD DE OVIEDO"]
[WhiteFideId "2201194"]
[BlackFideId "2254085"]
[EventDate "2013.08.24"]

1. Nf3 Nf6 2. g3 d5 3. Bg2 c6 4. O-O Bf5 5. b3 e6 6. Bb2 h6 7. d3 Be7 8. Ne5
Nbd7 9. Nxd7 Qxd7 10. Nd2 O-O 11. Nf3 a5 12. a4 Qc7 13. Qd2 Nd7 14. Qf4 Rac8 15.
Qxc7 Rxc7 16. Ne5 Nxe5 17. Bxe5 Rd7 18. Bb2 Ra8 19. Rfc1 Bb4 20. Kf1 f6 21. c3
Be7 22. Ba3 Kf7 23. Ke1 e5 24. Bxe7 Kxe7 25. Kd2 d4 26. c4 Kd6 27. c5+ Kc7 28.
Kc2 Be6 29. Kb2 Bd5 30. Bxd5 Rxd5 31. Rh1 1/2-1/2

[Event "TCh-ESP CECLUB 5th-12th 2013"]
[Site "Linares ESP"]
[Date "2013.08.25"]
[Round "2.4"]
[White "Alonso Alvarez, Aitor"]
[Black "Gallardo Fernandez, Cesar"]
[Result "1-0"]
[WhiteElo "2221"]
[BlackElo "2240"]
[WhiteTeam "UNIVERSIDAD DE OVIEDO"]
[BlackTeam "PENA AJEDRECISTICA OROMANA"]
[WhiteFideId "2257050"]
[BlackFideId "2225280"]
[EventDate "2013.08.24"]

1. e4 e5 2. Nf3 d6 3. d4 Nf6 4. Nc3 Nbd7 5. Bc4 Be7 6. O-O O-O 7. Qe2 c6 8. a4
b6 9. Ba2 a5 10. Rd1 Qc7 11. Bg5 exd4 12. Nxd4 Ne5 13. h3 Re8 14. f4 Ba6 15. Qf2
Ng6 16. Nf5 Bf8 17. Nh6+ gxh6 18. Bxf6 Be7 19. Bxe7 Qxe7 20. f5 Ne5 21. f6 Qc7
22. Qg3+ Ng6 23. Qxd6 Qxd6 24. Rxd6 Ne5 25. Rad1 Bc8 26. Ne2 Be6 27. Bb3 Bxb3
28. cxb3 Re6 29. Rd8+ Re8 30. Rxa8 Rxa8 31. Ng3 Kf8 32. Nf5 h5 33. Rd6 Rb8 34.
Ne7 c5 35. Nd5 c4 36. Nxb6 cxb3 37. Rd5 h6 38. Rxa5 Kg8 39. Rxe5 Rxb6 40. Rb5 1-0

[Event "TCh-ESP CECLUB 5th-12th 2013"]
[Site "Linares ESP"]
[Date "2013.08.25"]
[Round "2.4"]
[White "Melero Fidalgo, Juan De Dios"]
[Black "Suarez Garcia, Ivan"]
[Result "1-0"]
[WhiteElo "2230"]
[BlackElo "1930"]
[WhiteTeam "PENA AJEDRECISTICA OROMANA"]
[BlackTeam "UNIVERSIDAD DE OVIEDO"]
[WhiteFideId "2222485"]
[BlackFideId "2202727"]
[EventDate "2013.08.24"]

1. d4 d5 2. c4 e5 3. dxe5 d4 4. Nf3 Nc6 5. Nbd2 Bg4 6. h3 Bxf3 7. Nxf3 Bb4+ 8.
Bd2 Bxd2+ 9. Qxd2 Qe7 10. g3 Nxe5 11. Nxe5 Qxe5 12. Bg2 c6 13. Rd1 O-O-O 14. O-O
Nf6 15. b4 Rhe8 16. Rfe1 Ne4 17. Qd3 h5 18. c5 a6 19. Rc1 h4 20. Bxe4 Qxe4 21.
g4 Qf4 22. Rc4 Re6 23. e3 Qe4 24. Qxe4 Rxe4 25. Rd1 g6 26. Kg2 f5 27. gxf5 gxf5
28. Rcxd4 Rf8 29. Kf3 Rxd4 30. Ra1 Rh8 31. b5 cxb5 1-0